[Centre de Recursos i Documentació per a l'autonomia personal (CRID)]
Descripción Física:
173, [55] f. ; 29 cm
MARC
| LEADER | 00000nam a2200000Ia 4500 | ||
|---|---|---|---|
| 001 | 22492 | ||
| 008 | 160829s199- ?] xx 000 0 cat d | ||
| 080 | |a M-6-337 | ||
| 245 | |a [Centre de Recursos i Documentació per a l'autonomia personal (CRID)] | ||
| 260 | |a [Barcelona : |b el CRID, |c 199- ?] | ||
| 300 | |a 173, [55] f. ; |c 29 cm | ||
| 590 | |a Bibliografia | ||
| 650 | |a Consorci de Recursos i Documentació per l'Autonomia Personal | ||
| 710 | 2 | |a Consorci de Recursos i Documentació per a l'Autonomia Personal |9 53949 | |
| 901 | |a Arxiu | ||
| 942 | |n 1 | ||
| 952 | |0 0 |1 0 |4 0 |6 M6337 |7 1 |9 51387 |a Arxiu |b Arxiu |d 2016-12-01 |l 0 |o M-6-337 |p 22492 |r 2016-12-01 00:00:00 |w 2016-12-01 |y ARXIU | ||
| 999 | |c 55231 |d 55231 | ||